000 00694 a2200205 4500
010 _aENG-85376
020 _a8182567025
_c100.00
035 _aEN-68909
037 _bD.B.Act / Pub
082 1 4 _aS
090 _c2178
_d2178
245 1 _aTales of the mystic East
_ban anthropology of mystic and moral tales taken from the teachings of the Saints
250 _a10th ed
260 _aBeas
_bRadha Swami Satsang
_c2006
270 _aDera Baba Jaimal Singh
_bBeas (Pubaj)
_e143 204
300 _axviii, 298 p.
_c22 cm (Hb)
500 _aincludes glossary and index
942 _adpl
_cEN
_kS / TAL
999 _c2138
_d2138